01096 a2200169 45000010006000000050017000060080041000230030015000640400040000790800022001192450056001412640057001973000016002545050483002701000029007538560144007822906520260407155559.0260407a1983 arg spa dAR-UNSa-BCEJYS aAR-UNSa-BCEJYSbspacAR-UNSa-BCEJYS a657xContabilidad10aTratado de normas, doctrina y prácticas contables 1aBuenos Aires :bEdiciones Contabilidad Modernac1983 a4v.c22 cm. aTomo I: Valuación: 1. Lineamientos de los modelos contables de valuación - 2. Normas contables sobre valuación - Tomo II: 3. Normas contables sobre exposición - Tomo III: 4. Criterios de valuación y exposición - Tomo IV: Ajuste por inflación y valores corrientes : 5. Métodos integrales de ajuste por inflación - 6. Métodos significados de ajuste por inflación - 7. Revaluos técnicos y activación de gastos financieros - 8. Reformulación de los PCGA.1 aSenderovich, Isaac Aizik41uhttps://biblioeco.unsa.edu.ar/pmb/images/libros/Tratado de normas, doctrina y pr?cticas contables-l44028.jpgyImagen de portadaqimage/jpeg